| 000 | 00576nam a2200169Ia 4500 | ||
|---|---|---|---|
| 008 | 240729s9999 xx 000 0 und d | ||
| 022 | _a2668-957X | ||
| 245 | 0 | _aSmart Energy and Sustainable Environment | |
| 260 | _aRomania | ||
| 260 | _bNational Research and Development Institute for Cryogenic and Isotopic Technologies – ICSI Rm. Valcea | ||
| 650 | _a Mechanical engineering and machinery | ||
| 650 | _a Renewable energy sources | ||
| 650 | _aTechnology | ||
| 856 | _uhttps://doaj.org/toc/9f5982cb7da249f3bb2b010b697b606f | ||
| 942 | _2ddc | ||
| 942 | _cDOAJEJ | ||
| 999 |
_c71333 _d71333 |
||
| 945 |
_a1 _bMadushi Gamage _c1 _dMadushi Gamage |
||